1103 1487 1243 1051 1440 1486 1734 1675 1778 1442 1852 1289 1896 1870 1959 1816 1059 1268 1441 1297 1615 1201 1799 1188 1754 1398 1174 1966 1868 1876 1257 1888 1994 1619 1475 1316 1700 1440 1393 1076 1259 1752 1161 1503 1553 1855 1069 1126 1899 1498 1661 1464 1331 1861 1533 1872 1411 1225 1340 1601 1107 1703 1198 1241 1574 1470 1553 1595 1839 1609 1392 1163 1103 1376 1117 1337 1433 1403 1870 1727 1383 1677 1130 1821 1728 1341 1910 1924 1894 1458 1277 1237 1836 1340 1283 1147 1263 1602 1097 BCNSPRNW ULIB Ver.6.0+V

เปลี่ยนเป็นภาษาไทย

Change to English
 แสดงรายละเอียดบรรณานุกรม
  กลับหน้าหลัก

Brief Record : Get Marc (ISO 2709) : E-mail record : QR code < ปิดหน้าต่าง
LEADER : 00000nam 2200000uu 4500
001    13399109451
003     ULIB
008    110401s2552||||th 000 0 tha d
020    9789741112104
060 04 WB115^bภ415อ 2552
245 00 อายุรศาสตร์ทันยุค 2552 =^bUpdate in internal medicine 2009/^cบรรณธิการ วันชัย เดชสมฤทธิ์ฤทัย, รุ่งโรจน์ กฤตยพงษ์, อภิรดี ศรีวิจิตรกมล
246 31 Update in internal medicine 2009
250    พิมพ์ครั้งที่ 1
260    กรุงเทพฯ :^bภาควิชาอายุรศาสตร์ คณะแพทยศาสตร์ศิริราชพยาบาลมหาวิทยาลัยมหิดล,^c2552
300    418 หน้า :^bภาพประกอบ ;^c26 ซม.
650  7 อายุรศาสตร์
653    ผลงานอาจารย์คณะแพทยศาสตร์ศิริราชพยาบาล
700 0  วันชัย เดชสมฤทธิ์ฤทัย,^eบรรณาธิการ
700 0  รุ่งโรจน์ กฤตยพงษ์,^eบรรณาธิการ
700 0  อภิรดี ศรีวิจิตรกมล,^eบรรณาธิการ
710    มหาวิทยาลัยมหิดล. ^bคณะแพทยศาสตร์สิริราชพยาบาล.^bภาควิชาอายุรศาสตร์
945    ^p300^l0^i028616
995    ทศพร
999 ^a ใช้งานได้ทุกระบบ
รายการนี้ยังไม่มีแท็ก
คุณยังไม่ได้ล็อกอิน คุณสามารถมีกิจกรรมร่วมกับเว็บไซต์ได้ แต่ต้องล็อกอินก่อน ::
  ล็อกอิน

รายการสื่อสารสนเทศ

ลำดับที่ ประเภท เลขเรียก/บาร์โค้ด สถานที่ สถานะ
- ไม่พบข้อมูล -

รายการใกล้เคียง
    หัวเรื่อง [อายุรศาสตร์]

BibComment


ยังไม่เคยถูกคอมเมนท์

คอมเมนท์ทรัพยากรรายการนี้
  คอมเมนท์: อายุรศาสตร์ทันยุค..


 Copyright 2026. Bcnsprnw @Library